Țările care încep cu litera A - Statistics

General Stats
  • This quiz has been taken 33 times
  • The average score is 10 of 13
Answer Stats
Ţară % Correct
Albania
100%
Argentina
87%
Austria
87%
Afganistan
80%
Algeria
80%
Andorra
80%
Armenia
80%
Angola
73%
Antigua și Barbuda
73%
Australia
67%
Azerbaidjan
67%
Africa de Sud
53%
Arabia Saudită
53%
No matching quizzes found
Score Distribution
Percent of People with Each Score
Percentile by Number Answered
Your Score History
You have not taken this quiz